| 000 | 00365nam a22001337a 4500 | ||
|---|---|---|---|
| 999 |
_c525041 _d525041 |
||
| 008 | 240207b ||||| |||| 00| 0 eng d | ||
| 100 |
_aSreenivasarad, K. _948433 |
||
| 245 | _aArtificial intelligence and future of media | ||
| 260 | _aYojana | ||
| 300 | _a68(2), Feb, 2024: p.34-37 | ||
| 773 | _aYojana | ||
| 906 | _aARTIFICIAL INTELLIGENCE | ||
| 942 | _cAR | ||